| 000 | 02421cam a22002778a 4500 | ||
|---|---|---|---|
| 001 | 16979243 | ||
| 003 | PACU | ||
| 005 | 20141103134055.0 | ||
| 008 | 110927s2012 nyu b 001 0 eng | ||
| 010 | _a 2011038057 | ||
| 020 | _a9780415886819 (hardback) | ||
| 040 |
_aPACU _cPACU _beng |
||
| 050 | 0 | 0 |
_aRJ505.P6 _bL26 2012 |
| 100 | 1 |
_aLandreth, Garry L. _94076 |
|
| 245 | 1 | 0 |
_aPlay therapy : _bthe art of the relationship / _cGarry Landreth. |
| 250 | _a3rd ed. | ||
| 260 |
_aNew York, NY : _bBrunner-Routledge, _c2012. |
||
| 300 |
_axviii, 422p. _bcol. ill. _c24 cm |
||
| 504 | _aIncludes bibliographical references and index. | ||
| 520 |
_a"Play Therapy: The Art of the Relationship is a text for graduate-level counseling students in play therapy courses. It provides comprehensive and detailed information for creating therapeutic relationships with children and facilitating the play therapy process. Landreth stresses the importance of understanding the child's world and perspective, allowing play therapists to fully connect with them. Although there is this emphasis on the experiential aspect, the relevant research and theory are still considered. The author presents descriptions of play and the history of play therapy, child and therapist characteristics, play room set-up and materials, working with parents. Guidelines, transcripts, and case examples are provided for governing sensitive issues at every stage of the therapeutic process, from the first meeting to the end of the relationship. This new edition will incorporate the relevant research that has taken place since the publication of the previous, and includes new sections on supervision of play therapists, legal and ethical issues, and multicultural considerations in play therapy"-- _cProvided by publisher. |
||
| 520 |
_a"This is a text for graduate-level counseling students in play therapy courses. It provides comprehensive and detailed information for creating therapeutic relationships with children and facilitating the play therapy process. Landreth stresses the importance of understanding the child's world and perspective, allowing play therapists to fully connect with them"-- _cProvided by publisher. |
||
| 650 | 0 |
_aPlay therapy. _94077 |
|
| 650 | 7 |
_aPSYCHOLOGY / Psychotherapy / Counseling _2bisacsh. _94078 |
|
| 650 | 7 |
_aPSYCHOLOGY / Mental Health _2bisacsh. _94079 |
|
| 942 |
_2lcc _cBK _hRJ 505 _i.P6L26 _m2012 |
||
| 999 |
_c27256 _d27256 |
||